| 000 | 01182nam a2200301 a 4500 | ||
|---|---|---|---|
| 001 | ebr10014786 | ||
| 003 | CaPaEBR | ||
| 006 | m u | ||
| 007 | cr cn||||||||| | ||
| 008 | 970512s1998 dcuab sb 001 0 eng | ||
| 010 | _z 97019856 | ||
| 020 | _z1559633824 (cloth : acid-free paper) | ||
| 040 |
_aCaPaEBR _cCaPaEBR |
||
| 035 | _a(OCoLC)56416157 | ||
| 050 | 1 | 4 |
_aGB451.2 _b.H56 1998eb |
| 082 | 0 | 4 |
_a333.91/715 _221 |
| 100 | 1 | _aHinrichsen, Don. | |
| 245 | 1 | 0 |
_aCoastal waters of the world _h[electronic resource] : _btrends, threats, and strategies / _cDon Hinrichsen. |
| 260 |
_aWashington, D.C. : _bIsland Press, _cc1998. |
||
| 300 |
_axxiii, 275 p. : _bill., maps. |
||
| 504 | _aIncludes bibliographical references and index. | ||
| 533 |
_aElectronic reproduction. _bPalo Alto, Calif. : _cebrary, _d2013. _nAvailable via World Wide Web. _nAccess may be limited to ebrary affiliated libraries. |
||
| 650 | 0 | _aCoasts. | |
| 650 | 0 | _aCoastal zone management. | |
| 655 | 7 |
_aElectronic books. _2local |
|
| 710 | 2 | _aebrary, Inc. | |
| 856 | 4 | 0 |
_uhttp://site.ebrary.com/lib/rucke/Doc?id=10014786 _zAn electronic book accessible through the World Wide Web; click to view |
| 999 |
_c27790 _d27790 |
||